| 000 | 00621nam a2200253Ia 4500 | ||
|---|---|---|---|
| 003 | OSt | ||
| 005 | 20220924133000.0 | ||
| 006 | a|||||r|||| 00| 0 | ||
| 007 | ta | ||
| 008 | 220923b |||||||| |||| 00| 0 tam d | ||
| 024 | _a254883 | ||
| 037 | _cTextual | ||
| 040 |
_aARTS _cARTS _btam |
||
| 041 |
_2tam _atam |
||
| 082 | _aY15, 31N8 | ||
| 100 |
_aBharati Ed. _9205448 |
||
| 245 | 0 | _aPenniya ayvugal | |
| 260 | _c1998 | ||
| 300 |
_a180p. _ccm. |
||
| 650 | _aSOCIOLOGY | ||
| 700 |
_a Sampat Ed. _9205449 |
||
| 942 |
_hY15, 31N8 _cTEXL _2CC |
||
| 999 |
_c432252 _d432252 |
||